[Event "Dortmund Sparkassen op-B 47th"]
[Site "Dortmund"]
[Date "2019.07.17"]
[Round "5"]
[White "Pennekamp, Christoph"]
[Black "Schacht, Juergen"]
[Result "1/2-1/2"]
[WhiteElo "1306"]
[BlackElo "1533"]
[PlyCount "51"]
[EventDate "2019.07.13"]
[EventType "swiss"]
[EventRounds "9"]
[EventCountry "GER"]
[SourceTitle "CBM 192 Extra"]
[Source "Chessbase"]
[SourceDate "2019.11.06"]
[SourceVersion "1"]
[SourceVersionDate "2019.11.06"]
[SourceQuality "1"]

1. Nf3 d5 2. d4 Nf6 3. c4 c6 4. Nc3 e6 5. cxd5 exd5 6. Bg5 Be7 7. e3 Bf5 8. Be2 0-0 9. Nh4 Bc8 10. 0-0 h6 11. Bxf6 Bxf6 12. Nf3 Be6 13. Bd3 g6 14. b4 a6 15. Qc2 Kg7 16. a4 Nd7 17. a5 Bg5 18. Nd2 Re8 19. Na4 Qc7 20. Nc5 Nf8 21. Rae1 Re7 22. Ndb3 Rd8 23. Nc1 Bc8 24. N5b3 Qd6 25. Nc5 Rde8 26. Qd2 1/2-1/2